Dear John- Taylor Swift chorus - Statistics

General Stats
  • This quiz has been taken 31 times
  • The average score is 59 of 63
Answer Stats
Answer % Correct
be
100%
be
100%
dear
100%
dear
100%
i
100%
i
100%
i
100%
i
100%
i
100%
in
100%
it
100%
it
100%
it
100%
john
100%
john
100%
that
100%
the
100%
the
100%
the
100%
to
100%
to
100%
too
100%
too
100%
you
100%
you
100%
you
100%
your
100%
all
96%
all
96%
dont
96%
dont
96%
girl
96%
see
96%
see
96%
think
96%
think
96%
was
96%
was
96%
young
96%
young
96%
dress
92%
gone
92%
now
92%
now
92%
with
92%
youre
92%
cried
88%
home
88%
messed
88%
way
88%
when
88%
whole
88%
wrong
88%
by
85%
loved
85%
played
85%
so
85%
dark
81%
games
81%
known
81%
shouldve
81%
twisted
81%
19s
77%
No matching quizzes found
Score Distribution
Percent of People with Each Score
Percentile by Number Answered
Your Score History
You have not taken this quiz